<?xml version="1.0" encoding="UTF-8"?>
<record
    xmlns:xsi="http://www.w3.org/2001/XMLSchema-instance"
    xsi:schemaLocation="http://www.loc.gov/MARC21/slim http://www.loc.gov/standards/marcxml/schema/MARC21slim.xsd"
    xmlns="http://www.loc.gov/MARC21/slim">

  <leader>01946nam a2200409 a 4500</leader>
  <controlfield tag="001">00003875</controlfield>
  <controlfield tag="003">DO-SdBNP</controlfield>
  <controlfield tag="005">20180305135843.0</controlfield>
  <controlfield tag="007">00003875</controlfield>
  <controlfield tag="008">110712s2010    dr ac         000 0 spa d</controlfield>
  <datafield tag="020" ind1=" " ind2=" ">
    <subfield code="a">9789945461508 </subfield>
  </datafield>
  <datafield tag="040" ind1=" " ind2=" ">
    <subfield code="a">BPMSU</subfield>
    <subfield code="b">spa</subfield>
    <subfield code="c">BPMSU</subfield>
  </datafield>
  <datafield tag="082" ind1="0" ind2="4">
    <subfield code="a">372.6561</subfield>
    <subfield code="b">V145L, 8vo. 2010   </subfield>
  </datafield>
  <datafield tag="100" ind1="1" ind2=" ">
    <subfield code="a">Valdez, Lidia</subfield>
  </datafield>
  <datafield tag="245" ind1="1" ind2="0">
    <subfield code="a">Lengua espa&#xF1;ola 8 :</subfield>
    <subfield code="b">[educaci&#xF3;n b&#xE1;sica] /</subfield>
    <subfield code="c">actualizaci&#xF3;n y adecuaci&#xF3;n de la obra original Lidia Valdez y Reyna Patricia Carrasco ; producci&#xF3;n editorial Mar&#xED;a del Jes&#xFA;s de la Rosa.</subfield>
  </datafield>
  <datafield tag="250" ind1=" " ind2=" ">
    <subfield code="a">2a. ed.</subfield>
  </datafield>
  <datafield tag="260" ind1=" " ind2=" ">
    <subfield code="a">Santo Domingo :</subfield>
    <subfield code="b">Actualidad Escolar,</subfield>
    <subfield code="c">2010.</subfield>
  </datafield>
  <datafield tag="300" ind1=" " ind2=" ">
    <subfield code="a">2v. :</subfield>
    <subfield code="b">il., retrs. ;</subfield>
    <subfield code="c">28 cm.</subfield>
  </datafield>
  <datafield tag="500" ind1=" " ind2=" ">
    <subfield code="a">Incluye el libro del maestro.</subfield>
  </datafield>
  <datafield tag="500" ind1=" " ind2=" ">
    <subfield code="a">Obra original de autoria de Olimpia S&#xE1;nchez Rodr&#xED;guez y Juan Francisco J&#xE1;spez Ner&#xF3;</subfield>
  </datafield>
  <datafield tag="504" ind1=" " ind2=" ">
    <subfield code="a">Bibliograf&#xED;a : p. 184</subfield>
  </datafield>
  <datafield tag="505" ind1="0" ind2=" ">
    <subfield code="g">Unidad 1 --</subfield>
    <subfield code="t">La globalizaci&#xF3;n de la cultura en el mundo de hoy --</subfield>
    <subfield code="g">Unidad 2 --</subfield>
    <subfield code="t">La biblioteca --</subfield>
    <subfield code="g">Unidad 3 --</subfield>
    <subfield code="t">Las minas del Rey Salom&#xF3;n --</subfield>
    <subfield code="g">Unidad 4 --</subfield>
    <subfield code="t">El secreto de los Tres Ojos --</subfield>
    <subfield code="g">Unidad 5 --</subfield>
    <subfield code="t">El rescate de la Cueva 4 --</subfield>
    <subfield code="g">Unidad 6 --</subfield>
    <subfield code="t">Manuel Rueda en el recuerdo --</subfield>
    <subfield code="g">Unidad 7 --</subfield>
    <subfield code="t">CIBIMA: 44 a&#xF1;os al servicio de la ciencia --</subfield>
    <subfield code="g">Unidad 8 --</subfield>
    <subfield code="t">Odas al diccionario --</subfield>
    <subfield code="g">Unidad 9 --</subfield>
    <subfield code="t">A la patria --</subfield>
  </datafield>
  <datafield tag="650" ind1=" " ind2="4">
    <subfield code="a">ESPA&#xD1;OL</subfield>
    <subfield code="x">ENSE&#xD1;ANZA B&#xC1;SICA</subfield>
  </datafield>
  <datafield tag="650" ind1=" " ind2="4">
    <subfield code="a">ESPA&#xD1;OL</subfield>
    <subfield code="x">EDUCACI&#xD3;N PRIMARIA</subfield>
  </datafield>
  <datafield tag="650" ind1=" " ind2="4">
    <subfield code="a">EDUCACI&#xD3;N PRIMARIA</subfield>
    <subfield code="z">REP&#xDA;BLICA DOMINICANA</subfield>
  </datafield>
  <datafield tag="650" ind1=" " ind2="4">
    <subfield code="a">ESPA&#xD1;OL</subfield>
    <subfield code="x">LIBROS DE TEXTOS</subfield>
  </datafield>
  <datafield tag="650" ind1=" " ind2="4">
    <subfield code="a">ESPA&#xD1;OL</subfield>
    <subfield code="x">ESTUDIOS Y EJERCICIOS</subfield>
  </datafield>
  <datafield tag="700" ind1="1" ind2=" ">
    <subfield code="a">S&#xE1;nchez Rodr&#xED;guez, Olimpia</subfield>
    <subfield code="t">Lengua espa&#xF1;ola 8</subfield>
  </datafield>
  <datafield tag="700" ind1="1" ind2=" ">
    <subfield code="a">J&#xE1;spez Ner&#xF3;, Juan Francisco</subfield>
    <subfield code="t">Lengua espa&#xF1;ola 8</subfield>
  </datafield>
  <datafield tag="700" ind1="1" ind2="2">
    <subfield code="a">Valdez, Lidia</subfield>
  </datafield>
  <datafield tag="700" ind1="1" ind2=" ">
    <subfield code="a">Carrasco, Reyna Patricia</subfield>
  </datafield>
  <datafield tag="700" ind1="1" ind2=" ">
    <subfield code="a">Rosa, Mar&#xED;a del Jes&#xFA;s de la</subfield>
    <subfield code="e">ed.</subfield>
  </datafield>
  <datafield tag="910" ind1=" " ind2=" ">
    <subfield code="a">Validado. Control de calidad MFF</subfield>
  </datafield>
  <datafield tag="942" ind1=" " ind2=" ">
    <subfield code="2">ddc</subfield>
    <subfield code="c">BK</subfield>
  </datafield>
  <datafield tag="945" ind1=" " ind2=" ">
    <subfield code="a">Remanejado para la BNPHU / 2018 VM</subfield>
  </datafield>
  <datafield tag="952" ind1=" " ind2=" ">
    <subfield code="0">0</subfield>
    <subfield code="1">0</subfield>
    <subfield code="2">ddc</subfield>
    <subfield code="4">0</subfield>
    <subfield code="7">0</subfield>
    <subfield code="8">CE</subfield>
    <subfield code="a">BPMET</subfield>
    <subfield code="b">BPMET</subfield>
    <subfield code="d">2016-04-20</subfield>
    <subfield code="e">Donaci&#xF3;n</subfield>
    <subfield code="l">0</subfield>
    <subfield code="o">372.6561 V145L, 8vo. 2010  v.1 </subfield>
    <subfield code="p">BPMSU16040567</subfield>
    <subfield code="r">2016-04-20</subfield>
    <subfield code="w">0000-00-00</subfield>
    <subfield code="y">BK</subfield>
  </datafield>
  <datafield tag="952" ind1=" " ind2=" ">
    <subfield code="0">0</subfield>
    <subfield code="1">0</subfield>
    <subfield code="2">ddc</subfield>
    <subfield code="4">0</subfield>
    <subfield code="7">0</subfield>
    <subfield code="8">CE</subfield>
    <subfield code="a">BPMET</subfield>
    <subfield code="b">BPMET</subfield>
    <subfield code="d">2016-04-20</subfield>
    <subfield code="e">Donaci&#xF3;n</subfield>
    <subfield code="l">0</subfield>
    <subfield code="o">372.6561 V145L, 8vo. 2010  v.2  Libro del maestro</subfield>
    <subfield code="p">BPMSU16040595</subfield>
    <subfield code="r">2016-04-20</subfield>
    <subfield code="w">2016-04-20</subfield>
    <subfield code="y">BK</subfield>
  </datafield>
  <datafield tag="956" ind1=" " ind2=" ">
    <subfield code="a">LOPEREZ</subfield>
    <subfield code="b">10</subfield>
    <subfield code="c">20160420</subfield>
    <subfield code="l">BPMSU</subfield>
    <subfield code="h">00041</subfield>
  </datafield>
  <datafield tag="999" ind1=" " ind2=" ">
    <subfield code="c">9850</subfield>
    <subfield code="d">9850</subfield>
  </datafield>
</record>
